000 00357nam a2200157Ia 4500
001 20525
003 IN-NITTTR
005 20251114233437.0
008 251113s9999||||xx |||||||||||||| ||eng||
040 _beng
040 _cIN-NITTTR
041 _aeng
082 _a152.4 P931M
245 0 _aMood, states and mind :
_b selected readings /
942 _2ddc
_cBK
999 _c35691
_d35691